000 00553nam a2200169 4500
001 144986
003 ES-MaACL
005 20230906201136.0
007 t|
008 070214q1952 sp r ||||1| spa d
100 1 _aSmith, Walter Bedell.
_9106932
245 1 0 _aMis tres años en Moscú /
_cteniente general Walter Bedell Smith ; [traducción de Rafael Ballester].
260 _aBarcelona :
_bMateu,
_c[1952?] (
_fLa Académica)
300 _a267 p., 12 lám. ;
_c21 cm.
700 1 _aBallester, Rafael.
_925006
852 _aES-MaACL
_jD-7815
_bR.32070
999 _c144986
_d144986